| 000 | 00798nam a2200217Ia 4500 | ||
|---|---|---|---|
| 001 | 11515 | ||
| 003 | GE_BSU | ||
| 008 | 181216s||||||||xx |||||||||||||| ||und|| | ||
| 040 | _cGE_BSU | ||
| 080 | _a635:631.527+635:631.53.02 | ||
| 100 | _aთოფურიძე,ე.მ. | ||
| 245 | _aბოსტნეული მცენარეების სელექცია და მეთესლეობა. | ||
| 245 | _cპ/მგ. რედ: გ.ჯაფარიძე. | ||
| 260 | _aთბილისი. | ||
| 260 | _bსახელგამი. | ||
| 260 | _c1950. | ||
| 300 | _a426გვ;20სმ. | ||
| 300 | _eილ. | ||
| 653 | _aბოსტნეული მცენარეების სელექცია და მეთესლეობა. | ||
| 942 | _cBK | ||
| 999 |
_c44710 _d44710 |
||